| 000 | 00664cab a2200229 4500 | ||
|---|---|---|---|
| 001 | WB3446-19 | ||
| 008 | 090401t1998 xxu||||| |||| 00| 0 eng d | ||
| 035 | _a(Sirsi) u90104 | ||
| 041 | _aeng | ||
| 245 | _aHouse price rises to slow | ||
| 260 | _c1998 | ||
| 350 | _a0 | ||
| 490 |
_aTimes _v2 December 1998, 26(1) |
||
| 520 | _aAs the economy weakens, house price rises are expected to slow from 5 to 4 per cent next year, predicts the Halifax. | ||
| 650 | _aECONOMY | ||
| 650 | _aFORECASTS | ||
| 650 | _aHOUSE PRICES | ||
| 650 | _aSLOWDOWN | ||
| 690 | _aPROPERTY-RESIDENTIAL PROPERTY-RESIDENTIAL PROPERTY MARKET | ||
| 942 | _n0 | ||
| 948 | _c02/12/1998 | ||
| 999 |
_c57073 _d57073 |
||